| 000 | 00435nam a2200181Ia 4500 | ||
|---|---|---|---|
| 003 | 0100 | ||
| 008 | 130303s9999 xx 000 0 und d | ||
| 040 | _cARRUPELIB | ||
| 050 | _aPT2291.Z5M641987 | ||
| 100 | _aMolnar, Geza von | ||
| 245 | _aRomantic vision, ethical context | ||
| 245 | _bNovalis and artistic autonomy | ||
| 260 | _aMinneapolis MN | ||
| 260 | _bUniv. of MN Pr. | ||
| 260 | _C1987 | ||
| 300 | _a246p | ||
| 942 | 0 | 0 | _02 |
| 999 |
_c22487 _d22487 |
||